Noddy and the singing bush / (Record no. 60063)

MARC details
000 -LEADER
fixed length control field 02475nam a22003377a 4500
005 - DATE AND TIME OF LATEST TRANSACTION
control field 20111228111221.0
010 ## - LCCN (DPL NO)
LC control number B-470803-813
020 ## - INTERNATIONAL STANDARD BOOK NUMBER
International Standard Book Number 9788128628894
Terms of availability 40.00
035 ## - SYSTEM CONTROL NUMBER
System control number B-470803-813
037 ## - SOURCE OF ACQUISITION
Source of stock number/acquisition Blue Berry/Ven
082 ## - DEWEY DECIMAL CLASSIFICATION NUMBER
Classification number S
100 ## - MAIN ENTRY--PERSONAL NAME
Personal name Blyton, Enid
245 ## - TITLE STATEMENT
Title Noddy and the singing bush /
Statement of responsibility, etc by Enid Blyton
260 ## - PUBLICATION, DISTRIBUTION, ETC. (IMPRINT)
Place of publication, distribution, etc Mumbai
Name of publisher, distributor, etc Euro Books
Date of publication, distribution, etc 2011
270 ## - ADDRESS
Address Dani Corporat e Park, First Floor, 158, Vidyanagari Marg, Kalina, Santacruz
City Mumbai
Postal code 400098
300 ## - PHYSICAL DESCRIPTION
Extent unpages
Other physical details ill.
Dimensions 20cm(pbk)
490 ## - SERIES STATEMENT
Series statement Nody
-- 52693
942 ## - ADDED ENTRY ELEMENTS (KOHA)
Source of classification or shelving scheme Dewey Decimal Classification
Item type Children Books
Call number suffix BLY
Classification part S
Holdings
Withdrawn status Lost status Not for loan Collection code Home library Current library Date acquired Source of acquisition Cost, normal purchase price Full call number Barcode Copy number Cost, replacement price Koha item type Public note
      Fiction Bagh Kadhe Khan Bagh Kadhe Khan 27/09/2012 Blue Berry/IN8226/24.03.2012/43/20.03.2012/29.03.2012 40.00 S BLY B-470811 1 40.00 Children Books  
      Fiction Bawana Bawana 27/09/2012 Blue Berry/IN8226/24.03.2012/43/20.03.2012/29.03.2012 40.00 S BLY B-470809 1 40.00 Children Books  
      Fiction Central Jail Tihar Central Jail Tihar 27/09/2012 Blue Berry/IN8226/24.03.2012/43/20.03.2012/29.03.2012 40.00 S BLY B-470807 1 40.00 Children Books  
  Written-off vide DLB M. No. 383 dt 16.05.19   Fiction Janak Puri Janak Puri 27/09/2012 Blue Berry/IN8226/24.03.2012/43/20.03.2012/29.03.2012 40.00 S BLY B-470808 1 40.00 Children Books  
      Fiction Kasturba Gandhi Marg Kasturba Gandhi Marg 27/09/2012 Blue Berry/IN8226/24.03.2012/43/20.03.2012/29.03.2012 40.00 S BLY B-470804 1 40.00 Children Books  
Written off     Fiction Narela Narela 27/09/2012 Blue Berry/IN8226/24.03.2012/43/20.03.2012/29.03.2012 40.00 S BLY B-470812 1 40.00 Children Books Written off on approval by DLB (By Circulation); dtd 20.12.2022
      Fiction New Rohtak Road New Rohtak Road 27/09/2012 Blue Berry/IN8226/24.03.2012/43/20.03.2012/29.03.2012 40.00 S BLY B-470810 1 40.00 Children Books  
      Fiction Patel Nagar Patel Nagar 27/09/2012 Blue Berry/IN8226/24.03.2012/43/20.03.2012/29.03.2012 40.00 S BLY B-470803 1 40.00 Children Books  
      Fiction Patel Nagar Patel Nagar 27/09/2012 Blue Berry/IN8226/24.03.2012/43/20.03.2012/29.03.2012 40.00 S BLY B-470813 1 40.00 Children Books  
      Fiction Peshwa Road Peshwa Road 27/09/2012 Blue Berry/IN8226/24.03.2012/43/20.03.2012/29.03.2012 40.00 S BLY B-470805 1 40.00 Children Books  
      Fiction Tri Nagar Tri Nagar 27/09/2012 Blue Berry/IN8226/24.03.2012/43/20.03.2012/29.03.2012 40.00 S BLY B-470806 1 40.00 Children Books  

© Delhi Public Library
Hit Counter
free hit counter